000 00506nam a2200169Ia 4500
008 180921t2020 xxu||||| |||| 00| 1 sin d
041 _asin
080 _aX8සි31
_bවිද්‍යා
100 _aවිද්‍යාරත්න, බෝධි
245 _aතුන් තේ මල්
246 _aThun the mal
260 _bසරසවි
_aනුගේගොඩ
_c2020
300 _aපි.248, සෙ.මි.21
942 _cBK
999 _c9175
_d9175
003 LK-CoDNM
040 _aLK-CoDNM
_dLK-CoDNM
_eLK-CoDNM